书目信息 |
| 题名: |
钦定蒙古源流
|
|
| 作者: | (清)萨囊徹辰 撰 | |
| 分册: | ||
| 出版信息: | 北京 中国书店 2018.5 |
|
| 页数: | 362页 | |
| 开本: | 27cm | |
| 丛书名: | ||
| 单 册: | ||
| 中图分类: | K281.2 | |
| 科图分类: | ||
| 主题词: | 蒙古族--民族历史--中国--清代 | |
| 电子资源: | ||
| ISBN: | 978-7-5149-2037-6 | |
| 000 | 00871nam0 2200229 45 | |
| 001 | 012001003335 | |
| 005 | 20140926114739.0 | |
| 010 | @a978-7-5149-2037-6@dCNY86.00 | |
| 100 | @a20180429d2018 em y0chiy0110 ea | |
| 101 | 0 | @achi |
| 102 | @aCN@b110000 | |
| 105 | @ay z 000yy | |
| 106 | @ar | |
| 200 | 1 | @a钦定蒙古源流@9qin ding meng gu yuan liu@f(清)萨囊徹辰撰 |
| 210 | @a北京@c中国书店@d2018.5 | |
| 215 | @a362页@d27cm | |
| 330 | @a《钦定蒙古源流》八卷,清·萨囊徹辰撰,末有《自序》,称库图克彻辰鸿台吉之裔小彻辰萨囊台吉,原知一切。因取各汗等《源流》,约略叙述。自乙丑九宫值年八宫翼火蛇当值之二月十九日角木蛟鬼金羊当值之辰起,至六月初一日角木蛟鬼金羊当值之辰告成。 | |
| 606 | 0 | @a蒙古族@x民族历史@y中国@x清代 |
| 690 | @aK281.2@v5 | |
| 701 | 0 | @a(清)萨囊徹辰@9( qing ) sa nang che chen@4撰 |
| 801 | 0 | @aCN@b上海新华@c20180901 |
| 905 | @b1154278-82@dK281.2@e111@f5 | |
| 钦定蒙古源流/(清)萨囊徹辰撰.-北京:中国书店,2018.5 |
| 362页;27cm |
| ISBN 978-7-5149-2037-6:CNY86.00 |
| 《钦定蒙古源流》八卷,清·萨囊徹辰撰,末有《自序》,称库图克彻辰鸿台吉之裔小彻辰萨囊台吉,原知一切。因取各汗等《源流》,约略叙述。自乙丑九宫值年八宫翼火蛇当值之二月十九日角木蛟鬼金羊当值之辰起,至六月初一日角木蛟鬼金羊当值之辰告成。 |
| ● |
| 相关链接 |
|
|
|
|
正题名:钦定蒙古源流
索取号:K281.2/111
 
预约/预借
| 序号 | 登录号 | 条形码 | 馆藏地/架位号 | 状态 | 备注 |
| 1 | 1154278 | 211542785 | 第二样本阅览室/ [索取号:K281.2/111] | 在馆 | |
| 2 | 1154279 | 211542794 | 密集书库-史法系/ [索取号:K281.2/111] | 在馆 | |
| 3 | 1154280 | 211542801 | 第二借阅区/ [索取号:K281.2/111] | 在馆 | |
| 4 | 1154281 | 211542810 | 第二借阅区/ [索取号:K281.2/111] | 在馆 | |
| 5 | 1154282 | 211542829 | 第二借阅区/ [索取号:K281.2/111] | 在馆 |